Top Songs of 2015 - Statistics

General Stats
  • This quiz has been taken 1,719 times
  • The average score is 6 of 15
Answer Stats
Hint Answer % Correct
Wiz Khalifa ft. Charlie Puth See You Again
90%
Mark Ronson ft. Bruno Mars Uptown Funk
80%
Maroon 5 Sugar
59%
Walk The Moon Shut Up and Dance
57%
Fetty Wap Trap Queen
51%
Ellie Goulding Love Me Like You Do
49%
Ed Sheeran Thinking Out Loud
41%
Meghan Trainor Dear Future Husband
23%
Jason Derulo Want To Want Me
22%
The Weekend Earned It
19%
Natalie La Rose ft. Jeremih Somebody
19%
Flo Rida ft. Sage The Gemini & Lookas G.D.F.R
18%
Tovo Lo Talking Body
16%
Omarion ft. Chris Brown & Jhene Aiko Post To Be
15%
T-Wayne Nasty Freestyle
9%
No matching quizzes found
Score Distribution
Percent of People with Each Score
Percentile by Number Answered
Your Score History
You have not taken this quiz